000
00339nam a22001457a 4500
008
221108b ||||| |||| 00| 0 eng d
020
_a
9781449637804
041
_a
eng
080
_2
SEVENTH EDITION
_a
61
082
_a
61 CAR
100
_a
4
101
_a
MJK
245
_a
EMERGENCY CARE IN THE STREETS
_c
CAROLINE'S N
942
_2
udc
_c
BK
999
_c
58791
_d
58791